| 000 | 01561 am a2200325 a 4500 | ||
|---|---|---|---|
| 001 | 60485 | ||
| 003 | BD-RjUL | ||
| 005 | 20211209080841.0 | ||
| 008 | 170101s1996 bg a |s o000 0 eng d | ||
| 020 |
_a9845082416 _c: Tk. 400.00 |
||
| 035 | _a(BD-RjUL)60609 | ||
| 035 | _a(OCoLC)ocm27450619 | ||
| 035 | _a(NNC)1450898 | ||
| 040 |
_aDLC _cDLC _dDLC _dBD-RjUL _beng |
||
| 041 | 0 | _aengben | |
| 082 |
_223 _a304.6095492021 _bKIS 1996 (CS) |
||
| 110 |
_aBangladesh Bureau Of Statistics. _9179266 |
||
| 245 | 1 | 0 |
_aBangladesh population census, 1991 = বাংলাদেশ আদমশুমারী, ১৯৯১ : _bCommunity series, Zila: Kishoreganj = কমিউনিটি সিরিজ, জেলা: কিশোরগঞ্জ/ _cBangladesh Bureau Of Statistics. |
| 246 |
_aবাংলাদেশ আদমশুমারী, ১৯৯১ : _bকমিউনিটি সিরিজ, জেলা: কিশোরগঞ্জ |
||
| 260 |
_aDhaka : _bBBS, _c1996. |
||
| 300 |
_axiv, 262 p. : _bIll. ; _c28 cm. |
||
| 490 | _aCommunity series, Zila: kishoreganj | ||
| 490 | _aকমিউনিটি সিরিজ, জেলা: কিশোরগঞ্জ | ||
| 500 | _aPrefatory matter in Bengali and English. | ||
| 651 | 0 |
_aBangladesh _zKishoreganj _xPopulation _vStatistics _9180031 |
|
| 651 | 0 |
_aBangladesh _zKishoreganj _vCensus, 1991. _9180031 |
|
| 830 |
_aCommunity series, Zila: Kishoreganj _9180032 |
||
| 830 |
_aকমিউনিটি সিরিজ, জেলা: কিশোরগঞ্জ _9181128 |
||
| 942 |
_2ddc _cRAR |
||
| 999 |
_c60485 _d60485 |
||